Logo

Description automatically generated
विद्यार्जन
 संसाधन केंद्र, भारतीय प्रौद्योगिकी संस्थान इन्दौर
Learning Resource Center, Indian Institute of Technology Indore

ऑनलाइन सार्वजनिक अभिगम प्रसूची
Online Public Access Catalogue (OPAC)

Modern quantum field theory : a concise introduction (Record no. 5865)

MARC details
000 -LEADER
fixed length control field 00334nam a2200133Ia 4500
005 - DATE AND TIME OF LATEST TRANSACTION
control field 20260624164725.0
008 - FIXED-LENGTH DATA ELEMENTS--GENERAL INFORMATION
fixed length control field 170106s||||xx |||||||||||||| ||und||
020 ## - INTERNATIONAL STANDARD BOOK NUMBER
International Standard Book Number 9780521850827
082 ## - DEWEY DECIMAL CLASSIFICATION NUMBER
Classification number 530.143
Item number BAN
100 ## - MAIN ENTRY--PERSONAL NAME
Personal name Banks, Tom
245 #0 - TITLE STATEMENT
Title Modern quantum field theory : a concise introduction
650 ## - SUBJECT ADDED ENTRY--TOPICAL TERM
Topical term or geographic name entry element Physics
942 ## - ADDED ENTRY ELEMENTS (KOHA)
Koha item type Book
Source of classification or shelving scheme Dewey Decimal Classification
Holdings
Withdrawn status Lost status Source of classification or shelving scheme Damaged status Not for loan Collection code Home library Current library Shelving location Date acquired Source of acquisition Full call number Barcode Date last seen Price effective from Koha item type Total Checkouts Total Renewals Date last checked out
    Dewey Decimal Classification   Not For Loan Text/Reserve Book LRC, IIT Indore LRC, IIT Indore 2nd Floor - Textbook Reserve 06/01/2017 PO No. 5 ; Vendor: Sarat Book House, Calcutta ; Bill No. SL/INV/1492/10-11, dt.13.01.2011; Price: UKP 38 530.143 BAN 5865 06/01/2017 06/01/2017 Book      
            LRC, IIT Indore LRC, IIT Indore 3rd Floor - General Stack 09/07/2013 PO No. 177 ; Vendor: Atlantic Books, New Delhi ; Bill No. 12-12364 , dt.15.03.2013; Price: UKP 40 530.143 BAN 22795 28/07/2020 09/07/2013 Book 3 2 24/06/2020
Copyright © 2017-2026 Indian Institute of Technology Indore. All Rights Reserved.
Managed & maintained by Learning Resource Center, IIT Indore